Diseño y construcción de un control de carga para minicentrales hidroeléctricas
Guardado en:
| Hovedforfatter: | |
|---|---|
| Andre forfattere: | |
| Format: | Bog |
| Udgivet: |
1982
|
| Tags: |
Tilføj Tag
Ingen Tags, Vær først til at tagge denne postø!
|
MARC
| LEADER | 00000nam a2200000Ia 4500 | ||
|---|---|---|---|
| 003 | 001949 | ||
| 005 | 20221231144423.0 | ||
| 008 | 140114s1982 c a m 000 ||s d | ||
| 040 | |c cru CEDI | ||
| 090 | |a TFG 1230 | ||
| 100 | |a Roldán B, William |9 15479 | ||
| 245 | |a Diseño y construcción de un control de carga para minicentrales hidroeléctricas | ||
| 260 | |c 1982 | ||
| 300 | |a 121 hojas | ||
| 500 | |a A la Cabeza de la portada. Universidad de Costa Rica. Facultad de Ingeniería. Escuela de Ingeniería Eléctrica. Proyecto Eléctrico 1 | ||
| 700 | |9 15480 |a Rivas F, Rodolfo | ||
| 942 | |c TFG | ||
| 999 | |c 21617 |d 21617 | ||
